header

Going beyond the waterfall : (Record no. 73018)

MARC details
000 -LEADER
fixed length control field 01742nam a2200385 i 4500
001 - CONTROL NUMBER
control field ebr10931153
003 - CONTROL NUMBER IDENTIFIER
control field CaPaEBR
006 - FIXED-LENGTH DATA ELEMENTS--ADDITIONAL MATERIAL CHARACTERISTICS--GENERAL INFORMATION
fixed length control field m o d
007 - PHYSICAL DESCRIPTION FIXED FIELD--GENERAL INFORMATION
fixed length control field cr cn|||||||||
008 - FIXED-LENGTH DATA ELEMENTS--GENERAL INFORMATION
fixed length control field 140925t20142014flua ob 001 0 eng d
020 ## - INTERNATIONAL STANDARD BOOK NUMBER
Cancelled/invalid ISBN 9781604270907
International Standard Book Number 9781604277517 (e-book)
040 ## - CATALOGING SOURCE
Original cataloging agency CaPaEBR
Language of cataloging eng
Description conventions rda
-- pn
Transcribing agency CaPaEBR
035 ## - SYSTEM CONTROL NUMBER
System control number (OCoLC)893685262
050 14 - LIBRARY OF CONGRESS CALL NUMBER
Classification number HD69.P75
Item number .D384 2014eb
082 04 - DEWEY DECIMAL CLASSIFICATION NUMBER
Classification number 658.4/04
Edition number 23
100 1# - MAIN ENTRY--PERSONAL NAME
Personal name Davis, Barbara,
Dates associated with a name 1969-
Relator term author.
245 10 - TITLE STATEMENT
Title Going beyond the waterfall :
Remainder of title managing scope effectively across the project life cycle /
Statement of responsibility, etc Barbara Davis and Darren Radford.
264 #1 - PRODUCTION, PUBLICATION, DISTRIBUTION, MANUFACTURE, AND COPYRIGHT NOTICE
Place of production, publication, distribution, manufacture Plantation, Florida :
Name of producer, publisher, distributor, manufacturer J. Ross Publishing,
Date of production, publication, distribution, manufacture, or copyright notice 2014.
Date of production, publication, distribution, manufacture, or copyright notice �2014
300 ## - PHYSICAL DESCRIPTION
Extent 1 online resource (281 pages) :
Other physical details illustrations
336 ## - CONTENT TYPE
Content type term text
Source rdacontent
337 ## - MEDIA TYPE
Media type term computer
Source rdamedia
338 ## - CARRIER TYPE
Carrier type term online resource
Source rdacarrier
504 ## - BIBLIOGRAPHY, ETC. NOTE
Bibliography, etc Includes bibliographical references at the end of each chapters and index.
588 ## - SOURCE OF DESCRIPTION NOTE
Source of description note Description based on print version record.
590 ## - LOCAL NOTE (RLIN)
Local note Electronic reproduction. Palo Alto, Calif. : ebrary, 2014. Available via World Wide Web. Access may be limited to ebrary affiliated libraries.
650 #0 - SUBJECT ADDED ENTRY--TOPICAL TERM
Topical term or geographic name as entry element Project management.
Topical term or geographic name as entry element Business planning.
655 #0 - INDEX TERM--GENRE/FORM
Genre/form data or focus term Electronic books.
700 1# - ADDED ENTRY--PERSONAL NAME
Personal name Radford, Darren,
Dates associated with a name 1972-
Relator term author.
776 08 - ADDITIONAL PHYSICAL FORM ENTRY
Display text Print version:
Main entry heading Davis, Barbara, 1969-
Title Going beyond the waterfall : managing scope effectively across the project life cycle.
Place, publisher, and date of publication Plantation, Florida : J. Ross Publishing, c2014
Physical description xix, 260 pages
International Standard Book Number 9781604270907
Record control number 2014011202
797 2# - LOCAL ADDED ENTRY--CORPORATE NAME (RLIN)
Corporate name or jurisdiction name as entry element ebrary.
856 40 - ELECTRONIC LOCATION AND ACCESS
Uniform Resource Identifier <a href="http://site.ebrary.com/lib/rucke/Doc?id=10931153">http://site.ebrary.com/lib/rucke/Doc?id=10931153</a>
Public note An electronic book accessible through the World Wide Web; click to view

No items available.

© 2026 Rongo University
Contact us: librarian | system librarian | Rongo university